Państwa Ameryki Południowej w 15 sekund bez mapy? - Statystyki

Ogólne statystyki
  • Ten quiz został rozwiązany 268 razy
  • Średni wynik to 6 z 12
Statystyki odpowiedzi
Odpowiedź % Poprawnych
Brazylia
91%
Argentyna
73%
Chile
59%
Peru
52%
Urugwaj
46%
Boliwia
45%
Kolumbia
44%
Paragwaj
42%
Ekwador
37%
Gujana
36%
Surinam
35%
Wenezuela
32%
Nie znaleziono quizów pasujących do podanych kryteriów
Rozkład punktacji
Procent ludzi z każdym wynikiem
Percentyl według liczby udzielonych odpowiedzi
Twoja historia wyników
Nie rozwiązałeś tego quizu